000
00229nam a22000857a 4500
008
161227b xxu||||| |||| 00| 0 eng d
100
_9
2167
_a
Shankar
245
_a
The Woman and the Crow
260
_a
New Delhi
_b
Childrens Book Trust
_c
2011
999
_c
5056
_d
5056